A mathematical introduction to fluid mechanics / (Record no. 232520)

000 -LEADER
fixed length control field 01042pam a2200313 a 4500
001 - CONTROL NUMBER
control field 4360286
003 - CONTROL NUMBER IDENTIFIER
control field Nust
005 - DATE AND TIME OF LATEST TRANSACTION
control field 20210419110701.0
008 - FIXED-LENGTH DATA ELEMENTS--GENERAL INFORMATION
fixed length control field 900423s1990 nyua b 001 0 eng
010 ## - LIBRARY OF CONGRESS CONTROL NUMBER
LC control number 90009823
020 ## - INTERNATIONAL STANDARD BOOK NUMBER
International Standard Book Number 0387973001
038 ## - RECORD CONTENT LICENSOR
Staff Name Nusrat Nadeem
040 ## - CATALOGING SOURCE
Original cataloging agency DLC
Transcribing agency RCMS
Modifying agency DLC
050 00 - LIBRARY OF CONGRESS CALL NUMBER
Classification number QA901
Item number .C53 1990
082 00 - DEWEY DECIMAL CLASSIFICATION NUMBER
Classification number 532
Edition number 20
100 1# - MAIN ENTRY--PERSONAL NAME
Personal name Chorin, Alexandre Joel.
9 (RLIN) 52079
245 12 - TITLE STATEMENT
Title A mathematical introduction to fluid mechanics /
Statement of responsibility, etc. A. J. Chorin, J. E. Marsden.
260 ## - PUBLICATION, DISTRIBUTION, ETC.
Place of publication, distribution, etc. New York :
Name of publisher, distributor, etc. Springer-Verlag,
Date of publication, distribution, etc. 1992.
300 ## - PHYSICAL DESCRIPTION
Extent 168 p. :
Other physical details ill. ;
Dimensions 25 cm.
440 #0 - SERIES STATEMENT/ADDED ENTRY--TITLE
Title Texts in applied mathematics
9 (RLIN) 52080
504 ## - BIBLIOGRAPHY, ETC. NOTE
Bibliography, etc. note Includes bibliographical references and index.
563 ## - BINDING INFORMATION
Binding note Hard Binding
650 #0 - SUBJECT ADDED ENTRY--TOPICAL TERM
Topical term or geographic name entry element Fluid mechanics.
9 (RLIN) 1678
700 1# - ADDED ENTRY--PERSONAL NAME
Personal name Marsden, Jerrold E.
9 (RLIN) 52081
856 ## - ELECTRONIC LOCATION AND ACCESS
Materials specified Table of contents only
Uniform Resource Identifier <a href="http://www.loc.gov/catdir/toc/ecip0716/2007017469.html">http://www.loc.gov/catdir/toc/ecip0716/2007017469.html</a>
906 ## - LOCAL DATA ELEMENT F, LDF (RLIN)
a 7
b cbc
c orignew
d 1
e ocip
f 19
g y-gencatlg
942 ## - ADDED ENTRY ELEMENTS (KOHA)
Source of classification or shelving scheme
Koha item type Book
Holdings
Withdrawn status Lost status Source of classification or shelving scheme Damaged status Not for loan Permanent Location Current Location Date acquired Total Checkouts Total Renewals Full call number Barcode Checked out Date last seen Date last checked out Price effective from Koha item type
          School of Interdisciplinary Engineering and Sciences (SINES) School of Interdisciplinary Engineering and Sciences (SINES) 02/20/2017 1 3 532CHO RCMS-002963 03/05/2024 04/19/2021 04/19/2021 02/20/2017 Book
© 2023 Central Library, National University of Sciences and Technology. All Rights Reserved.